000 00659nam a2200229 i 4500
001 bg
100 1 _aBYWALEC, Czesław
245 1 0 _aPodstawy ekonomiki konsumpcji /
_cCzesław Bywalec, Leszek Rudnicki.
260 _aKraków :
_bWydaw. Akademii Ekonomicznej,
_c1999.
300 _a167 s. :
_bmapa, rys., wykr. ;
_c24 cm.
504 _aBibliogr. s. 163-165.
650 9 _aSpożycie
_xekonomika
655 _aPodręczniki akademickie
700 1 _aRUDNICKI, Leszek
020 _a8387239984
040 _cBPK
041 0 _apl
080 _a330.567.2/.4(075.8)
920 _a83-87239-98-4
942 _cKS
008 s pl f |000 0 pol
999 _c36022
_d36022
856 _uhttp://koha.tu.koszalin.pl/cgi-bin/koha/opac-detail.pl?biblionumber=36022
_yKatalog online BPK